| 000 | 00551nam a2200205Ia 4500 | ||
|---|---|---|---|
| 003 | OSt | ||
| 005 | 20230508170926.0 | ||
| 008 | 210423s2007 xx 000 0 und d | ||
| 020 | _a819036703 | ||
| 040 | _cAL | ||
| 041 | _aeng | ||
| 082 |
_a612.015 _223 _bLIEM |
||
| 100 |
_aLIEBERMAN (Michael);others. _9100099 |
||
| 245 | _aMarks essential medical biochemistry. | ||
| 260 |
_aNew Delhi _bLippincott Williams _c2007 |
||
| 300 |
_axiv,565 _bPB |
||
| 365 |
_b995 _cINR |
||
| 906 | _abiochemistry. ; essential ; Marks ; medical | ||
| 942 |
_2ddc _cBK |
||
| 999 |
_c163884 _d163884 |
||